Τι γνωρίζουμε για τον εγκέφαλο : ένα αλφαβητάρι για τον εγκέφαλο και το νευρικό σύστημα

Αποθηκεύτηκε σε:
Λεπτομέρειες βιβλιογραφικής εγγραφής
Συγγραφή απο Οργανισμό/Αρχή: Society for Neuroscience
Άλλοι συγγραφείς: Βαράκης, Γιάννης (Μεταφραστής, Επιμελητής έκδοσης)
Μορφή: Βιβλίο
Γλώσσα:Greek
English
Δημοσίευση: [Αθήνα] : Καστανιώτης, [1996].
Θέματα:
Ετικέτες: Προσθήκη ετικέτας
Δεν υπάρχουν, Καταχωρήστε ετικέτα πρώτοι!

MARC

LEADER 00000cam a2200000 i 4500
001 1/22384
008 060120s1996 gr | ||| |||| ||gre||
020 |a 9600314640  
035 |l 10082125  
040 |a GR-MyUa   |b gre   |e AACR2  
041 1 |a gre  |h eng 
082 7 |a 612.8   |2 (22)  
110 2 |a Society for Neuroscience. 
245 1 0 |a Τι γνωρίζουμε για τον εγκέφαλο :   |b ένα αλφαβητάρι για τον εγκέφαλο και το νευρικό σύστημα /   |c Society for Neuroscience ; μετάφραση - επιμέλεια από τα μέλη της Ελληνικής Εταιρείας για τις νευροεπιστήμες: Γιάννης Βαράκης...[κ.ά.].  
260 |a [Αθήνα] :   |b Καστανιώτης,   |c [1996].  
300 |a 70 σ. ;   |c 28 εκ.  
500 |a Τίτλος πρωτοτύπου: Brain facts.  
504 |a Περιλαμβάνει γλωσσάρι και ευρετήριο.  
650 0 0 |a Neurosciences  |x History. 
650 0 0 |a Neurology. 
700 1 |a Βαράκης, Γιάννης,  |e trl  |e edt 
852 |a INST  |b RHODES  |e 20060120  |h 612.8 SOC  |p 005400021564  |q 005400021564  |t BK  |y 0 
901 |a BIBL4-2006-1 
970 |a Κόζα  |b Μαρία   |z 2006/01/20